| 000 | 01316nam a22002537a 4500 | ||
|---|---|---|---|
| 005 | 20240305165422.0 | ||
| 007 | cr|||| |||| | ||
| 008 | 140501s2013 br |||||s|||| 00||0 por d | ||
| 020 | _a978-85-361-2836-8 | ||
| 035 | _a12076 | ||
| 040 | _avLex | ||
| 090 |
_c4875 _d4875 |
||
| 100 | 1 | _aRibeiro de Oliveira Silva, José Antônio | |
| 245 | 1 | 2 |
_aA flexibilização da jornada de trabalho e a violação do direito à saúde do trabalhador _h[Recurso electrónico] : _bUma análise comparativa dos sistemas jurídicos brasileiro e espanhol / _cJosé Antônio Ribeiro de Oliveira Silva |
| 256 | _aServicio en línea | ||
| 260 |
_aSan Pablo: _bLTR Editora, _c2013 |
||
| 300 | _a1 recurso electrónico | ||
| 500 | _aUma análise comparativa dos sistemas jurídicos brasileiro e espanhol. | ||
| 506 | 1 |
_aDisponible solo en los productos indicados _dvLex Global _dvLex Global (Academic Edition, excluding Law Schools) _dvLex Global (U.S. Academic Edition, Law Schools) _dvLex Global (U.S. Academic Edition, excluding Law Schools) _dvLex Global (Academic Edition, Law Schools) |
|
| 650 | 0 | 4 |
_aDerecho Laboral y Seguridad Social _zBrasil |
| 740 | 0 | _avLex Libros (Servicio en línea) | |
| 856 | 4 | 0 | _uhttps://app.vlex.com/#/sources/flexibiliza-o-jornada-trabalho-viola-o-direito-saude-trabalhador-12076 |
| 942 | _cRAA | ||
| 999 |
_c163224 _d163224 |
||